00380 2200157 4500001002100000005001500021035002000036245003700056100001900093300002600112260002800138082000800166084001400174020002200188990001200210INLIS00000000000299320250918082726 a0010-09250003401 aLove Delicious /cShin Min Young0 aShin Min Young a206 hlm ;c13 x 19 cm aJakarta :bZettu,c2012 a813 a813 SHI l a978-602-1827-13-0 a0755640